00310nam a2200121Ia 4500008004100000100001400041245004000055260004800095300000900143650001400152942000700166999001500173190216s9999||||xx |||||||||||||| ||und|| aMisra S S 0aMoney Inflation And Economic Growth bOxford And Ibh Publishing Co. Pvt Ltdc1981 a322p aEconomics cBK c9590d9590